সত্যবাদীদের কাহিনী সম্ভার / (Record no. 74290)
[ view plain ]
| 000 -LEADER | |
|---|---|
| fixed length control field | 01325nam a2200277 a 4500 |
| 001 - CONTROL NUMBER | |
| control field | 74290 |
| 003 - CONTROL NUMBER IDENTIFIER | |
| rucl marc code | BD-RjUL |
| 005 - DATE AND TIME OF LATEST TRANSACTION | |
| control field | 20211209082531.0 |
| 008 - FIXED-LENGTH DATA ELEMENTS--GENERAL INFORMATION | |
| fixed length control field | 180530s2007 bg ||||| |||| 00| 0 ben d |
| 020 ## - INTERNATIONAL STANDARD BOOK NUMBER | |
| International Standard Book Number | 9789644392627 |
| Terms of availability | Tk.200.00 |
| 035 ## - SYSTEM CONTROL NUMBER | |
| System control number | (BD-RjUL)74508 |
| 040 ## - CATALOGING SOURCE | |
| Original cataloging agency | BD-RjUL |
| Language of cataloging | eng |
| Transcribing agency | BD-RjUL |
| 041 ## - LANGUAGE CODE | |
| Language code of text/sound track or separate title | ben |
| 082 ## - DEWEY DECIMAL CLASSIFICATION NUMBER | |
| Edition number | 23 |
| Classification number | 297.18 |
| Author mark and year | MOS 2007 |
| 100 1# - MAIN ENTRY--PERSONAL NAME | |
| Personal name | মোতাহারী, মুর্তাজা |
| 9 (RLIN) | 125161 |
| 245 10 - TITLE STATEMENT | |
| Title | সত্যবাদীদের কাহিনী সম্ভার / |
| Statement of responsibility, etc. | মুর্তাজা মোতাহারী ; অনুবাদ আলী আক্কাস , আবদুল কুদ্দুস বাদশা ; সম্পাদক নুর হোসেন মজিদী |
| 260 ## - PUBLICATION, DISTRIBUTION, ETC. (IMPRINT) | |
| Place of publication, distribution, etc. | ঢাকা : |
| Name of publisher, distributor, etc. | আল হুদা আন্তর্জাতিক প্রকাশনা সংস্থা , |
| Date of publication, distribution, etc. | ২০০৭ |
| 300 ## - PHYSICAL DESCRIPTION | |
| Pagination | খন্ড. ; |
| Size | ২১ সেমি. |
| 505 ## - FORMATTED CONTENTS NOTE | |
| Formatted contents note | V. 1 - 2 |
| 650 ## - SUBJECT ADDED ENTRY--TOPICAL TERM | |
| Topical term or geographic name as entry element | কাহিনী |
| Form subdivision | ইসলাম |
| 9 (RLIN) | 221511 |
| Topical term or geographic name as entry element | stories |
| Form subdivision | Islam |
| 9 (RLIN) | 221512 |
| 700 ## - ADDED ENTRY--PERSONAL NAME | |
| Personal name | অনুবাদ ; আক্কাস আলী |
| Personal name | বাদশা , আবদুল কুদ্দুস |
| Personal name | সম্পাদক; মজিদী, নুর হোসেন |
| 942 ## - ADDED ENTRY ELEMENTS (KOHA) | |
| Source of classification or shelving scheme | Dewey Decimal Classification |
| Koha item type | Books |
| Lost status | Source of classification or shelving scheme | Damaged status | Not for loan | Collection code | Permanent Location | Current Location | Shelving location | Date acquired | Source of acquisition | Cost, normal purchase price | Total Checkouts | Full call number | Date last seen | Copy number | Koha item type |
|---|---|---|---|---|---|---|---|---|---|---|---|---|---|---|---|
| Dewey Decimal Classification | Not For Loan | Non-fiction | Central Library, University of Rajshahi | Central Library, University of Rajshahi | Reading Room | 02/05/2017 | Dhaka Iran Embassy | 200.00 | B 297.18 MOS 2007 | 30/05/2018 | C-1 | Books |